| 000 | 01375cam a22002294a 4500 | ||
|---|---|---|---|
| 005 | 20250605164040.0 | ||
| 008 | 250528s ||||||||||||||||||||||||d | ||
| 035 | _a16952 | ||
| 020 | _a395624843 | ||
| 040 |
_aGR-AtMCL _bgre _dGR-AtMCL _eAACR2 |
||
| 245 | 1 | _aPrinciples of Accounting / Fifth Edition | |
| 250 | _a5th | ||
| 260 |
_bHoughton Mifflin Company, _c1996 |
||
| 300 | _a1234 | ||
| 520 | _aPreface, The Basic Accounting Model, Accounting as an Information System,Business Income and Adjusting Entries, Accounting for Merchandising Operations, Extensions of the Basic Accounting Model, Measuring and Reporting Assets and Current Liabilities, Short-Term Liquid Assets, Current Liabilities and Payroll Accounting, Accounting for Parthnerships and Corporations, Contributed Capital, Long-Term Liabilities,The Statement of Cash Flows, Financial Statement Analysis, Special Reports and Analyses of Accounting Information, Basic Concepts of Management Accounting,Cost Behavior and Cost-Volume-Profit Analysis, Product Costing Systems, The Process Cost System, Decision Analyses for Planning and Control, Standard Costing and Performance Evaluation, Appendices, Subject and Company Names Index. | ||
| 700 | 1 |
_aAnderson Henry R. _93048 |
|
| 700 | 1 |
_aCaldwell James C _93049 |
|
| 700 | 1 |
_aNeedles Belverd E _91319 |
|
| 942 | _cBK | ||
| 999 |
_c2395 _d2395 |
||